00375nam a2200145Ia 4500008004100000020001300041041000800054082001500062100002300077245002900100250000600129260006100135300001300196650002000209210716s1995 xx 000 0 und d a74624679 aeng a005.3 TAXR aTaxali, Ravi Kant. aPC software made simple. a1 aNew DelhibTata McGraw Hill Publishing Company Ltdc1995 axxiv,726 aPrograms(005.3)